|
|
|
|
| LEADER |
00000cam a22000002c 4500 |
| 001 |
1702196682 |
| 003 |
DE-627 |
| 005 |
20251226184430.0 |
| 007 |
cr uuu---uuuuu |
| 008 |
200626s2016 xx |||||o 00| ||eng c |
| 020 |
|
|
|a 9781601427939
|9 978-1-60142-793-9
|
| 035 |
|
|
|a (DE-627)1702196682
|
| 035 |
|
|
|a (DE-599)KEP053292995
|
| 035 |
|
|
|a (EBL)EBL6040497
|
| 035 |
|
|
|a (EBC)EBC6040497
|
| 035 |
|
|
|a (DE-627-1)053292995
|
| 040 |
|
|
|a DE-627
|b ger
|c DE-627
|e rda
|
| 041 |
|
|
|a eng
|
| 082 |
0 |
|
|a 270.8/3
|q SEPA
|2 23
|
| 084 |
|
|
|a 1
|2 ssgn
|
| 100 |
1 |
|
|e VerfasserIn
|0 (DE-588)132640945
|0 (DE-627)524714029
|0 (DE-576)187541612
|4 aut
|a McLaren, Brian D.
|d 1956-
|
| 109 |
|
|
|a McLaren, Brian D. 1956-
|a MacLaren, Brian D. 1956-
|a Mc Laren, Brian D. 1956-
|a McLaren, Brian 1956-
|
| 245 |
1 |
0 |
|a The great spiritual migration
|b how the world's largest religion is seeking a better way to be Christian
|c Brian D. McLaren
|
| 264 |
|
1 |
|a Westminster
|b The Crown Publishing Group
|c 2016
|
| 264 |
|
4 |
|c ©2016
|
| 300 |
|
|
|a 1 online resource (196 pages)
|
| 336 |
|
|
|a Text
|b txt
|2 rdacontent
|
| 337 |
|
|
|a Computermedien
|b c
|2 rdamedia
|
| 338 |
|
|
|a Online-Ressource
|b cr
|2 rdacarrier
|
| 500 |
|
|
|a Description based on publisher supplied metadata and other sources
|
| 601 |
|
|
|a Spiritual
|
| 601 |
|
|
|a Religion
|
| 650 |
|
4 |
|a Electronic books
|
| 689 |
0 |
0 |
|d p
|0 (DE-588)118539507
|0 (DE-627)079338933
|0 (DE-576)161119867
|2 gnd
|a Girard, René
|d 1923-2015
|
| 689 |
0 |
|
|5 (DE-627)
|
| 776 |
1 |
|
|z 9781601427915
|
| 776 |
0 |
8 |
|i Erscheint auch als
|n Druck-Ausgabe
|a McLaren, Brian D., 1956 -
|t The great spiritual migration
|b First edition
|d New York : Convergent, 2016
|h xiii, 274 Seiten
|w (DE-627)1926576225
|z 9781601427915
|z 9781473626775
|z 1601427913
|z 9781601427922
|z 1601427921
|z 1473626773
|k Non-Electronic
|
| 856 |
4 |
0 |
|u https://ebookcentral.proquest.com/lib/kxp/detail.action?docID=6040497
|m X:EBC
|x Aggregator
|z lizenzpflichtig
|7 1
|
| 912 |
|
|
|a ZDB-30-PQE
|
| 935 |
|
|
|a GIRA
|
| 951 |
|
|
|a BO
|
| ELC |
|
|
|a 1
|
| LOK |
|
|
|0 000 xxxxxcx a22 zn 4500
|
| LOK |
|
|
|0 001 4727695774
|
| LOK |
|
|
|0 003 DE-627
|
| LOK |
|
|
|0 004 1702196682
|
| LOK |
|
|
|0 005 20250524115313
|
| LOK |
|
|
|0 008 250524||||||||||||||||ger|||||||
|
| LOK |
|
|
|0 040
|a DE-Tue135-1
|c DE-627
|d DE-Tue135-1
|
| LOK |
|
|
|0 852
|a DE-Tue135-1
|
| LOK |
|
|
|0 852 1
|m p
|9 00
|
| LOK |
|
|
|0 866
|x Bibliography 43
|
| LOK |
|
|
|0 935
|a inmo
|
| LOK |
|
|
|0 938
|k p
|
| LOK |
|
|
|0 939
|a 24-05-25
|b l01
|
| ORI |
|
|
|a SA-MARC-ixtheoa001.raw
|
| SYG |
0 |
0 |
|a Girard, René Noël Théophile,1923-2015,Žurar, Rene,1923-2015
|